Tilastot visalle Nimeä SM-Liiga joukkueet

Klikkaa tästä pelataksesi tätä visaa!

Yleistilastot

  • Tätä visaa on pelattu 805 kertaa
  • Keskiarvotulos 14 / 15

Vastaustilastot

Vastaus% Oikein
Tappara
98%
Ilves
97%
Kärpät
97%
HIFK
95%
Lukko
94%
Ässät
93%
TPS
93%
Pelicans
89%
SaiPa
89%
JYP
88%
Jukurit
87%
HPK
86%
Kalpa
85%
KooKoo
85%
Sport
85%

Tulosjakauma

Persentiili vastausten määrän mukaan

Jokaisen tuloksen saaneiden osuus

Tuloshistoriasi

Et ole pelannut tätä visaa